00266nam a22000977a 4500008004100000082001700041100003600058245004400094260002100138300000900159230629b xxu||||| |||| 00| 0 eng d a333.913bGIB cSir Alexander Gibb and Partners aKenya Nile Basin Water Resources Survey aKenyabGOKc1956 a134p